000 00390nam a2200145Ia 4500
008 151213s9999 xx 000 0 und d
100 _aMustafa Tariq Hussain
245 _aDirect T. in Bangladesh
_cMustafa Tariq Hussain
260 _aDhaka
_bShatkat Prokashoni
_c1997
300 _a4477 p.
650 _aEconomics
650 _aEconomics
700 _aMustafa Tariq Hussain
999 _c2852
_d2852